00203nam a2200085Ia 4500008004100000100001500041245003500056260001700091260000900108180219s9999 xx 000 0 und d aMangal A K 0aPariyavaran Vigyan Ka Shikshan aAgarwal Pub. c2013